Інформаційні технології у навчальному процесі з іноземної мови (Запис № 285352)
[ простий вигляд ]
| 000 -LEADER | |
|---|---|
| fixed length control field | 01869nam a22001577a 4500 |
| 041 ## - LANGUAGE CODE | |
| Language code of text/sound track or separate title | ukr |
| 080 ## - UNIVERSAL DECIMAL CLASSIFICATION NUMBER | |
| Universal Decimal Classification number | 09 |
| 090 ## - LOCALLY ASSIGNED LC-TYPE CALL NUMBER (OCLC); LOCAL CALL NUMBER (OCLC) | |
| Local cutter number (OCLC) ; Book number/undivided call number, CALL (RLIN) | НАЗ |
| 100 ## - MAIN ENTRY--PERSONAL NAME | |
| Personal name | Назарко, Р. М. |
| 245 ## - TITLE STATEMENT | |
| Title | Інформаційні технології у навчальному процесі з іноземної мови |
| 260 ## - PUBLICATION, DISTRIBUTION, ETC. (IMPRINT) | |
| Place of publication, distribution, etc | Острог |
| Name of publisher, distributor, etc | КАФ |
| Date of publication, distribution, etc | 2013 |
| 300 ## - PHYSICAL DESCRIPTION | |
| Extent | 67 |
| 520 ## - SUMMARY, ETC. | |
| Summary, etc | Вступ.<br/>Розділ І. Ефективність використання інформаційних технологій у навчальному процесі з іноземної мови.<br/>1.1. Новітні інформаційні технології в освіті та навчанні з іноземної мови<br/>1.2. Сучасні підходи до використання інформаційних технологій: переваги та недоліки в навчальному процесі<br/>Висновки до розділу І<br/>Розділ ІІ. Впровадження інформаційних технологій у процес навчання іноземної мови.<br/>2.1. Мультимедійний підручник та форми роботи з компютерними навчальними програмами на уроках англійської мови<br/>2.2. Використання Інтернет ресурсів та електронних бібліотек на уроках іноземної мови<br/>2.3. Використання відеоматеріалів при вивченні іноземної мови у старших класах<br/>Висновки до розділу ІІ<br/>Висновки.<br/>Список використаних джерел та літератури.<br/>Додатки. |
| -- | методика, інформаційні технології |
| 650 ## - SUBJECT ADDED ENTRY--TOPICAL TERM | |
| Topical term or geographic name as entry element | Research Papers |
| 942 ## - ADDED ENTRY ELEMENTS (KOHA) | |
| Koha item type | Книги |
| Withdrawn status | Lost status | Source of classification or shelving scheme | Damaged status | Not for loan | Home library | Current library | Date acquired | Source of acquisition | Cost, normal purchase price | Total Checkouts | Full call number | Barcode | Date last seen | Price effective from | Koha item type |
|---|---|---|---|---|---|---|---|---|---|---|---|---|---|---|---|
| Universal Decimal Classification | ВІЛ - Відділ іноземн. літератури НБ | ВІЛ - Відділ іноземн. літератури НБ | 12/06/2013 | Акт №7 | 1.00 | 09 | 215284 | 09/11/2021 | 12/06/2013 | Книги |